| 000 | 00564nam a2200193 a 4500 | ||
|---|---|---|---|
| 005 | 20241017063736.0 | ||
| 008 | 160311s2008 mx r 000 0 spa d | ||
| 035 | _aUPN01000208975 | ||
| 049 | _aUNE | ||
| 050 | 4 |
_aAS4 U8 _bA2.7 2007 |
|
| 110 | 2 |
_aUNESCO. _bConferencia General _n(34a : _d2007 : _cParís) |
|
| 245 | 1 | 0 |
_aActas de la Conferencia General / _cUNESCO. |
| 260 |
_aParís : _bUNESCO, _c2008. |
||
| 300 | _a2 v. | ||
| 500 | _aEdición multilingüe | ||
| 500 | _aLa biblioteca tiene el volumen 2 | ||
| 610 | 2 | 4 |
_aUnesco _vInformes _922943 |
| 905 | _aLibro | ||
| 999 |
_c181076 _d181076 |
||